000 00508cam a2200193ua 4500
001 6415
008 140703n ii |||gr||||Z||||||eng
020 _a81-272-0861-2
040 _cMAIN
082 _a519.5
245 _aBusiness statistics and mathematics
_cBy N.K. Nag
250 _a1st ed/ rep.
260 _aLudhiana:
_bKalyani publishers,
_c2003.
300 _ax,829p.
653 _aProbabilities & applied mathematics
653 _aBusiness statistics
700 _aNag,N.K.,
_eAuthor.
942 _cBK
999 _c5564
_d5564